Перша українська школа ім. М. Грушевського — перший закордонний тбіліський колегіум Національного університету "Києво-Могилянська академія" (Запис № 572668)

МАРК-запис
000 -Лідер
fixed length control field 00961 a2200229 4500
001 - Контрольний номер
control field 216222526
003 - Ідентифікатор контрольного номера
control field UA-OsUOA
005 - Дата та час останнього входження (трансакції)
control field 20220706101306.0
008 - Елементи даних фіксованої довжини – загальна інформація
fixed length control field 220627b un ||||| |||| 00| 0 ukr d
040 ## - Джерело каталогізації
Агенція оригінальної каталогізації UA-OsUOA
Мова каталогізації ukr
Агенція, яка здійснювала перезапис UA-OsUOA
Агенція, яка здійснювала модифікацію UA-OsUOA
041 ## - Код мови
Код мови тексту/ звукової доріжки чи окремого заголовка (П) ukr
080 ## - Індекс Універсальної десяткової класифікації
Індекс Універсальної десяткової класифікації (УДК) (НП) 94(477).156
090 ## - Локальний шифр розміщення
Класифікаційний індекс УДК 94(477).156
Авторський знак (НП) П26
245 ## - Відомості про назву
Назва (НП) Перша українська школа ім. М. Грушевського — перший закордонний тбіліський колегіум Національного університету "Києво-Могилянська академія"
260 ## - Публікація, розповсюдження і т.п. (Вихідні дані)
Дата публікації, розповсюдження і т.п. (П) 2006
Місце публікації, розповсюдження і т.п. (П) Тбілісі
300 ## - Фізичний опис
Обсяг 19 с.
591 ## - Дарувальник
Прізвище та ініціали особи Школьна Олена
650 ## - Додаткове предметне введення – тематичний термін
Джерело заголовка чи терміна UDC
Тематичний термін чи географічна назва, як елемент введення (НП) 94(477).15 Українці за межами України
942 ## - Додаткові елементи входу (Коха)
Тип елемента Koha Брошура
Source of classification or shelving scheme Universal Decimal Classification
955 ## - Код типу видання за змістом
Код типу видання за змістом (НП) Науково-популярні видання
Фонди
Стан вилучень Стан втрат Джерело класифікації або схеми стелажів Стан уражень Не для кредиту Постійне місце розташування Поточне розміщення Дата придбання Джерело придбання Вартість, звичайна ціна покупки Усього замовленно Повний номер виклику Штрих-код Дата останнього перегляду Ціна ефективна від Тип елемента Koha
    Universal Decimal Classification     Наукова бібліотека ІДУД Наукова бібліотека ІДУД 27/06/2022 Акт надходження № 3 (24.06.2022 від Школьної Олени) 1.00   94(477).156 П26 216222526 27/06/2022 27/06/2022 Брошура